LEADER 01307nam a2200301 u 4500 001 000000014624 003 CaOOAMICUS 005 20070226105803.0 008 940517s1970 it u000 u eng u 035 $a10344846 040 $aPUL$bita 100 1 $aStadelmann, Luis I. J.,$cS.I.$0(OLS)http://pul/name/13556 245 14$aThe Hebrew conception of the world :$ba philological and literary study /$cLuis I.J. Stadelmann. 260 $aRome :$bPontifical Biblical Institute,$c1970. 300 $ax, 207 p. ;$c24 cm 490 1 $aAnalecta biblica ;$v39 500 $aComprende indici. 502 $aDiss. -- Hebrew Union College (Cincinnati) 504 $aBibliografia: p. 185-189. 650 4$aCosmologia biblica.$0(OLS)http://pul/subject/10216 710 2 $aHebrew Union College (Cincinnati).$0(OLS)http://pul/name/13557 830 0$aAnalecta biblica ;$v39.$0(OLS)http://pul/title/100 850 $aPUL 852 $aPUL$W1$xSL Religione 1$y3$m10(4) A 39$j20526$nBK-PRI$b $qStampati$B20526$CPULBib$Z2$F20526 $H $81 941 1 $a8 961 $aINV: 31925 996 $6245$aThe Hebrew conception of the world :$ba philological and literary study$9(OLS)http://pul/title/21006 996 $6260$aRome :$bPontifical Biblical Institute$9(OLS)http://pul/publisher/49934 LEADER 01611nam a2200385 u 4500 001 000000042247 003 CaOOAMICUS 005 20070226114314.0 008 990224s1980 it u000 u ita u 035 $a10815247 040 $aPUL(R)$bita 041 1 $aita$hger 100 1 $aLapide, Pinchas,$d1922-1997.$0(OLS)http://pul/name/31047 240 10$aJüdischer Monotheismus.$lItaliano.$0(OLS)http://pul/title/56990 245 10$aMonoteismo ebraico :$bdottrina trinitaria cristiana /$cPinchas Lapide [e] Jürgen Moltmann. 260 $aBrescia :$bQueriniana,$cc1980. 300 $a90 p. ;$c20 cm 490 1 $aGiornale di teologia ;$v126 504 $aBibliografia a piè pagina. 650 4$aGiudaismo.$0(OLS)http://pul/subject/1627 650 4$aTrinità.$0(OLS)http://pul/subject/2463 700 1 $aMoltmann, Jürgen,$d1926-2024.$0(OLS)http://pul/name/12676 700 1 $aPezzetta, Dino.$0(OLS)http://pul/name/11861 830 0$aGiornale di teologia ;$v126.$0(OLS)http://pul/title/9027 850 $aPUL 852 $aPUL$W1$xSL Religione 3$y85$m200 GDT 1.126$j57142$nBK-PRI$qDDC 21$B57142$CPULBib$Z2$F57142 $82 852 $aPUL$W1$xDP1 Fondo Bordoni$y120$m3 F 37.126$j173819$qFondi$B176258$CPULBib$Z2$F176258 $HBor1622 $81 941 1 $a9 941 1 $a1 960 $aTeologia trinitaria$92463 960 $aTeologia trinitaria$92463 961 $aINV: 48615 983 0$aGdT. 996 $6245$aMonoteismo ebraico :$bdottrina trinitaria cristiana$9(OLS)http://pul/title/56991 996 $6260$aBrescia :$bQueriniana$9(OLS)http://pul/publisher/47906